ბათუმის შოთა რუსთაველის სახელმწიფო უნივერსიტეტის ბიბლიოთეკა

მეფე ერეკლეს წუთისოფელი (ბიბ.ჩანაწერი № 43055)

000 -LEADER
fixed length control field 00996nam a2200253Ia 4500
001 - CONTROL NUMBER
control field 9775
003 - CONTROL NUMBER IDENTIFIER
control field GE_BSU
008 - FIXED-LENGTH DATA ELEMENTS--GENERAL INFORMATION
fixed length control field 181216s||||||||xx |||||||||||||| ||und||
020 ## - INTERNATIONAL STANDARD BOOK NUMBER
International Standard Book Number 9799994098842
040 ## - CATALOGING SOURCE
Transcribing agency GE_BSU
100 ## - MAIN ENTRY--PERSONAL NAME
Personal name გურული,ვახტანგ
245 ## - TITLE STATEMENT
Title მეფე ერეკლეს წუთისოფელი
245 ## - TITLE STATEMENT
Remainder of title პიესა ორ მოქმედებად
245 ## - TITLE STATEMENT
Statement of responsibility, etc. რედ.ავთ.არაბული
260 ## - PUBLICATION, DISTRIBUTION, ETC.
Place of publication, distribution, etc. თბილისი
260 ## - PUBLICATION, DISTRIBUTION, ETC.
Name of publisher, distributor, etc. ინტელექტი
260 ## - PUBLICATION, DISTRIBUTION, ETC.
Date of publication, distribution, etc. 2007
300 ## - PHYSICAL DESCRIPTION
Extent 120გვ.17სმ.
520 ## - SUMMARY, ETC.
Summary, etc. ეძღვნება საქ. კათოლიკოს–პატრიარქის ილია II–ის აღსაყდრების 30 წლისთავს
653 ## - INDEX TERM--UNCONTROLLED
Uncontrolled term მეფე ერეკლეს წუთისოფელი
653 ## - INDEX TERM--UNCONTROLLED
Uncontrolled term პიესა ორ მოქმედებად
942 ## - ADDED ENTRY ELEMENTS (KOHA)
Koha item type წიგნი
ეგზემპლარები
Withdrawn status Lost status Damaged status Not for loan Date acquired Barcode Date last seen Price effective from Koha item type
        2018-12-17 32940 2018-12-17 2018-12-17 წიგნი